[Event "31. Open de San Sebastian"]
[Site "San Sebastián ESP"]
[Date "2008.03.20"]
[Round "6.6"]
[White "Recuero Guerra, David"]
[Black "Lafuente, Pablo"]
[Result "1/2-1/2"]
[WhiteElo "2424"]
[BlackElo "2489"]
[PlyCount "74"]
[EventDate "2008.03.16"]
[EventType "swiss"]
[EventRounds "9"]
[EventCountry "ESP"]
[Source "lmi"]
[SourceDate "2008.03.16"]

1. e4 c6 2. d4 d5 3. Nc3 dxe4 4. Nxe4 Nd7 5. Ng5 Ngf6 6. Bd3 e6 7. N1f3 Bd6 8.
Qe2 h6 9. Ne4 Nxe4 10. Qxe4 Nf6 11. Qh4 Qe7 12. O-O Bd7 13. Bf4 O-O-O 14. Bxd6
Qxd6 15. Qg3 Qxg3 16. hxg3 Kc7 17. c4 Bc8 18. c5 Ng4 19. Bc4 Rhe8 20. Rfe1 h5
21. Re2 Nh6 22. b4 Nf5 23. Re4 Re7 24. Kf1 Rg8 25. Ke2 Rd8 26. Rd1 Red7 27. Rd2
g5 28. g4 hxg4 29. Rxg4 f6 30. Re4 Re7 31. Kd1 Rh8 32. Kc2 Ree8 33. Ree2 Ng7
34. Kc3 Rh1 35. Re1 Rhh8 36. g3 Bd7 37. a4 e5 1/2-1/2

[Event "31. Open de San Sebastian"]
[Site "San Sebastián ESP"]
[Date "2008.03.20"]
[Round "6.7"]
[White "Del Rio De Angelis, Salvador G"]
[Black "Argandona Riveiro, Inigo"]
[Result "1-0"]
[WhiteElo "2487"]
[BlackElo "2404"]
[PlyCount "46"]
[EventDate "2008.03.16"]
[EventType "swiss"]
[EventRounds "9"]
[EventCountry "ESP"]
[Source "lmi"]
[SourceDate "2008.03.16"]

1. d4 Nf6 2. c4 e6 3. Nc3 Bb4 4. e3 O-O 5. Bd3 d5 6. Nge2 Re8 7. O-O Nbd7 8. e4
dxe4 9. Nxe4 Nxe4 10. Bxe4 Nf6 11. Bf3 c6 12. Bf4 Bd6 13. Re1 Bxf4 14. Nxf4 Qc7
15. Qd2 b6 16. Qe3 Bb7 17. Rad1 Rac8 18. b4 a6 19. a4 c5 20. Bxb7 Qxb7 21. dxc5
a5 22. cxb6 Rxc4 23. bxa5 Rxa4 1-0

[Event "31. Open de San Sebastian"]
[Site "San Sebastián ESP"]
[Date "2008.03.20"]
[Round "6.8"]
[White "Huesmann, Thomas"]
[Black "Simutowe, Amon"]
[Result "0-1"]
[WhiteElo "2247"]
[BlackElo "2457"]
[PlyCount "108"]
[EventDate "2008.03.16"]
[EventType "swiss"]
[EventRounds "9"]
[EventCountry "ESP"]
[Source "lmi"]
[SourceDate "2008.03.16"]

1. e4 c5 2. c3 Nf6 3. e5 Nd5 4. d4 cxd4 5. Nf3 e6 6. cxd4 Nc6 7. Nc3 Nxc3 8.
bxc3 d6 9. exd6 Bxd6 10. Bd3 Qa5 11. Bd2 O-O 12. O-O Qh5 13. Re1 b6 14. Ne5
Qxd1 15. Raxd1 Bxe5 16. dxe5 Bb7 17. Be4 Na5 18. Bxb7 Nxb7 19. Bg5 Rfc8 20. Rd7
Nc5 21. Rd4 Nb7 22. Red1 h6 23. Bd2 Na5 24. f4 Nc4 25. Bc1 b5 26. R1d3 Rc6 27.
Rd8+ Rxd8 28. Rxd8+ Kh7 29. Rd7 Ra6 30. a3 Kg6 31. Kf2 Nxa3 32. Be3 Nb1 33. g4
Nxc3 34. Bd4 Ra2+ 35. Kf3 Ne2 36. Bxa7 b4 37. Rb7 b3 38. Rxb3 Nxf4 39. Kxf4
Rxa7 40. h4 h5 41. Kg3 hxg4 42. Kxg4 Ra4+ 43. Kh3 Kh5 44. Rf3 Rxh4+ 45. Kg3
Rg4+ 46. Kh3 Rg5 47. Rxf7 Kg6 48. Ra7 Rxe5 49. Kg4 Rf5 50. Ra6 Rf6 51. Ra5 Rf1
52. Ra8 e5 53. Re8 Rf4+ 54. Kg3 Kf5 0-1

[Event "31. Open de San Sebastian"]
[Site "San Sebastián ESP"]
[Date "2008.03.20"]
[Round "6.9"]
[White "Gonzalez de la Torre, Santiago"]
[Black "Hallerod, Ralph"]
[Result "1-0"]
[WhiteElo "2389"]
[BlackElo "2131"]
[PlyCount "57"]
[EventDate "2008.03.16"]
[EventType "swiss"]
[EventRounds "9"]
[EventCountry "ESP"]
[Source "lmi"]
[SourceDate "2008.03.16"]

1. e4 c6 2. d4 d5 3. exd5 cxd5 4. c4 Nf6 5. Nc3 Nc6 6. Nf3 g6 7. cxd5 Nxd5 8.
Qb3 Nxc3 9. Bc4 e6 10. bxc3 Na5 11. Bb5+ Bd7 12. Qa4 Nc6 13. d5 exd5 14. O-O f6
15. Re1+ Kf7 16. Qf4 Bf5 17. c4 Bd6 18. Qh6 Be4 19. cxd5 Bxd5 20. Bb2 Bf8 21.
Qh4 Bxf3 22. Bc4+ Kg7 23. gxf3 Be7 24. Rad1 Ne5 25. Rxd8 Nxf3+ 26. Kh1 Bxd8 27.
Qe4 Nxe1 28. Qxb7+ Kh6 29. Qxa8 1-0

[Event "31. Open de San Sebastian"]
[Site "San Sebastián ESP"]
[Date "2008.03.20"]
[Round "6.10"]
[White "Hargues, Franck"]
[Black "Andres Gonzalez, Ivan"]
[Result "0-1"]
[WhiteElo "2046"]
[BlackElo "2375"]
[PlyCount "66"]
[EventDate "2008.03.16"]
[EventType "swiss"]
[EventRounds "9"]
[EventCountry "ESP"]
[Source "lmi"]
[SourceDate "2008.03.16"]

1. e4 c5 2. Nf3 d6 3. d4 cxd4 4. Nxd4 Nf6 5. Nc3 a6 6. Bg5 e6 7. f4 Qc7 8. Qf3
Nbd7 9. O-O-O Be7 10. g4 b5 11. Bxf6 gxf6 12. Re1 Bb7 13. Nd5 Qa5 14. b4 Qxa2
15. Nxb5 axb5 16. Nc7+ Kd8 17. Nxa8 Qa1+ 18. Kd2 Qd4+ 19. Bd3 Bxa8 20. c3 Qb6
21. Ra1 Bc6 22. Ra5 h5 23. gxh5 Bf8 24. Qe2 Bh6 25. Bxb5 Bxf4+ 26. Kc2 Be5 27.
Bxc6 Qxc6 28. c4 Ke7 29. Rd1 Rxh5 30. Rh1 Rh3 31. c5 Rc3+ 32. Kd1 dxc5 33. b5
Qd6+ 0-1

[Event "31. Open de San Sebastian"]
[Site "San Sebastián ESP"]
[Date "2008.03.20"]
[Round "6.11"]
[White "Fuente San Sebastian, Ernesto"]
[Black "Alonso Arburu, Juan Ignacio"]
[Result "0-1"]
[WhiteElo "1940"]
[BlackElo "2368"]
[PlyCount "48"]
[EventDate "2008.03.16"]
[EventType "swiss"]
[EventRounds "9"]
[EventCountry "ESP"]
[Source "lmi"]
[SourceDate "2008.03.16"]

1. e4 e5 2. Nf3 d6 3. d4 Nd7 4. dxe5 dxe5 5. Bg5 Ngf6 6. Nbd2 h6 7. Bh4 Qe7 8.
Qe2 c6 9. O-O-O b5 10. Qe3 g5 11. Bg3 Nh5 12. Qc3 Nxg3 13. hxg3 Bb7 14. Rh5 f6
15. Rh1 a5 16. Nb1 Nc5 17. Qe3 Qe6 18. b3 Nd7 19. Bd3 a4 20. Bxb5 cxb5 21. Rxd7
Qxd7 22. Rd1 Qc6 23. Nc3 axb3 24. axb3 Ra1+ 0-1

[Event "31. Open de San Sebastian"]
[Site "San Sebastián ESP"]
[Date "2008.03.20"]
[Round "6.12"]
[White "Puerto Traver, Juan Manuel"]
[Black "Iglesias Gonzalez, Veronica"]
[Result "1-0"]
[WhiteElo "2105"]
[BlackElo "1784"]
[PlyCount "51"]
[EventDate "2008.03.16"]
[EventType "swiss"]
[EventRounds "9"]
[EventCountry "ESP"]
[Source "lmi"]
[SourceDate "2008.03.16"]

1. d4 d5 2. Bg5 Nf6 3. Bxf6 exf6 4. e3 c5 5. Nc3 c4 6. g3 Be6 7. Bg2 Bb4 8.
Nge2 Nc6 9. O-O O-O 10. e4 Bxc3 11. Nxc3 dxe4 12. d5 Qb6 13. dxe6 Qxb2 14.
exf7+ Rxf7 15. Nxe4 Nb4 16. a3 Nc6 17. Nd6 Rd7 18. Qd5+ Kf8 19. Bh3 Re7 20.
Rae1 Ne5 21. Rb1 Qxa3 22. Rxb7 Rd8 23. Rxe7 Kxe7 24. Nf5+ Ke8 25. Nxg7+ Ke7 26.
Qe6+ 1-0

[Event "31. Open de San Sebastian"]
[Site "San Sebastián ESP"]
[Date "2008.03.20"]
[Round "6.13"]
[White "Bellia, Fabrizio"]
[Black "Torres, Patrice"]
[Result "1-0"]
[WhiteElo "2405"]
[BlackElo "2003"]
[PlyCount "77"]
[EventDate "2008.03.16"]
[EventType "swiss"]
[EventRounds "9"]
[EventCountry "ESP"]
[Source "lmi"]
[SourceDate "2008.03.16"]

1. e4 e6 2. d4 d5 3. Nd2 Nf6 4. e5 Nfd7 5. Bd3 c5 6. c3 Nc6 7. Ne2 Qb6 8. Nf3
Be7 9. O-O a5 10. a4 cxd4 11. cxd4 Ndb8 12. Nc3 Nb4 13. Bb1 h6 14. Be3 Bd7 15.
Qd2 N8c6 16. Rc1 Na7 17. h4 Qa6 18. h5 Nc8 19. Ne1 Nb6 20. b3 Rc8 21. Nd3 Qa8
22. Nc5 Bc6 23. Na2 Nxa2 24. Rxa2 Nd7 25. Nd3 Nb8 26. Qd1 Na6 27. Qg4 Kd7 28.
f4 f5 29. exf6 gxf6 30. f5 Rcg8 31. fxe6+ Kc7 32. Qf3 Kb6 33. Nf4 Nb4 34. Re2
Qa6 35. Rce1 Bd6 36. Ng6 Rh7 37. Bf2 Rhg7 38. e7 Bxe7 39. Re6 1-0

[Event "31. Open de San Sebastian"]
[Site "San Sebastián ESP"]
[Date "2008.03.20"]
[Round "6.15"]
[White "Krulich, Roman"]
[Black "Jimenez Crespo, Inigo"]
[Result "1-0"]
[WhiteElo "2240"]
[BlackElo "1955"]
[PlyCount "92"]
[EventDate "2008.03.16"]
[EventType "swiss"]
[EventRounds "9"]
[EventCountry "ESP"]
[Source "lmi"]
[SourceDate "2008.03.16"]

1. e4 e6 2. d4 d5 3. Nd2 dxe4 4. Nxe4 Nd7 5. Nf3 Ngf6 6. Ng3 c5 7. c3 Be7 8.
Bd3 O-O 9. O-O cxd4 10. Nxd4 Nc5 11. Be2 Qb6 12. b4 Ncd7 13. Be3 Qc7 14. Rc1
Nd5 15. Bd2 N7f6 16. a3 Bd7 17. c4 Nb6 18. Bd3 Rfd8 19. Qe2 a5 20. bxa5 Na4 21.
Bb4 Nc5 22. Bb1 Ba4 23. Nb5 Qf4 24. Nh5 Qg5 25. Nxf6+ gxf6 26. h4 Qxh4 27. Rc3
f5 28. Rg3+ Kf8 29. Qe5 f6 30. Qe2 Bxb5 31. cxb5 Re8 32. Rh3 Qg4 33. Qe3 f4 34.
Qc3 Rac8 35. Rxh7 f3 36. Qxf3 Qxf3 37. gxf3 f5 38. Kg2 Kg8 39. Rfh1 Bf6 40.
R7h6 Kf7 41. Rh7+ Bg7 42. Bc3 Rg8 43. Be5 Nd7 44. Bxg7 Rxg7+ 45. Rxg7+ Kxg7 46.
Rd1 Ne5 1-0

[Event "31. Open de San Sebastian"]
[Site "San Sebastián ESP"]
[Date "2008.03.21"]
[Round "7.1"]
[White "Simutowe, Amon"]
[Black "Salgado Lopez, Ivan"]
[Result "0-1"]
[WhiteElo "2457"]
[BlackElo "2459"]
[PlyCount "36"]
[EventDate "2008.03.16"]
[EventType "swiss"]
[EventRounds "9"]
[EventCountry "ESP"]
[Source "lmi"]
[SourceDate "2008.03.16"]

1. c4 Nf6 2. Nc3 e6 3. d4 Bb4 4. Qc2 d5 5. cxd5 Qxd5 6. Nf3 Qf5 7. Qb3 Nc6 8.
e3 O-O 9. Be2 e5 10. dxe5 Be6 11. Bc4 Bxc3+ 12. Qxc3 Ne4 13. Bxe6 fxe6 14. Qc2
Qg4 15. Kf1 Rxf3 16. gxf3 Qxf3 17. Rg1 Rd8 18. Rxg7+ Kxg7 0-1

[Event "31. Open de San Sebastian"]
[Site "San Sebastián ESP"]
[Date "2008.03.21"]
[Round "7.2"]
[White "Lopez Martinez, Josep Manuel"]
[Black "Spraggett, Kevin"]
[Result "0-1"]
[WhiteElo "2550"]
[BlackElo "2588"]
[PlyCount "90"]
[EventDate "2008.03.16"]
[EventType "swiss"]
[EventRounds "9"]
[EventCountry "ESP"]
[Source "lmi"]
[SourceDate "2008.03.16"]

1. e4 Nf6 2. e5 Nd5 3. d4 d6 4. Nf3 g6 5. c4 Nb6 6. exd6 cxd6 7. h3 Bg7 8. Nc3
O-O 9. Bg5 h6 10. Be3 e5 11. Qd2 Kh7 12. O-O-O Nc6 13. dxe5 dxe5 14. Qxd8 Rxd8
15. Rxd8 Nxd8 16. c5 Nd7 17. Nd2 f5 18. f3 Ne6 19. Nb3 Bf8 20. Na4 Nf6 21. Bc4
Bd7 22. Rd1 Nf4 23. Bxf4 exf4 24. Nc3 Rc8 25. Nd5 Nxd5 26. Rxd5 Rc7 27. Kd2 Kg7
28. Rd4 g5 29. Kd3 Kg6 30. Bd5 Kh5 31. Rb4 Bc8 32. Nd4 Re7 33. Rc4 Re5 34. Bf7+
Kh4 35. c6 b5 36. Rc2 Re3+ 37. Kd2 Bb4+ 38. Rc3 Kg3 39. Nxb5 Re7 40. Bg6 Kxg2
41. Nd4 Re5 42. a3 Bxc3+ 43. Kxc3 Kxh3 44. b4 g4 45. c7 g3 0-1

[Event "31. Open de San Sebastian"]
[Site "San Sebastián ESP"]
[Date "2008.03.21"]
[Round "7.3"]
[White "Andres Gonzalez, Alberto"]
[Black "Del Rio De Angelis, Salvador G"]
[Result "1-0"]
[WhiteElo "2436"]
[BlackElo "2487"]
[PlyCount "85"]
[EventDate "2008.03.16"]
[EventType "swiss"]
[EventRounds "9"]
[EventCountry "ESP"]
[Source "lmi"]
[SourceDate "2008.03.16"]

1. Nf3 Nf6 2. c4 g6 3. Nc3 Bg7 4. g3 O-O 5. Bg2 d6 6. O-O Nc6 7. Rb1 e5 8. d3
a5 9. a3 h6 10. b4 axb4 11. axb4 Be6 12. b5 Ne7 13. Nd2 Qc8 14. Qb3 Nd7 15. Ba3
Nf5 16. e3 Kh8 17. Nde4 b6 18. Bb2 Ne7 19. Rbe1 Rb8 20. Kh1 Nc5 21. Qc2 Nb7 22.
f4 Bh3 23. fxe5 Bxg2+ 24. Kxg2 Bxe5 25. Nf6 Ra8 26. d4 Bxf6 27. Rxf6 d5 28.
cxd5 Nd6 29. e4 Qd7 30. Ref1 Ng8 31. R6f2 Ra5 32. e5 Nf5 33. Qd3 Nge7 34. g4
Ng7 35. e6 Qd6 36. Rxf7 Re8 37. Qe3 Ng8 38. Qe5 Qxe5 39. dxe5 h5 40. Rxc7 Nh6
41. e7 Rg8 42. d6 Ne6 43. d7 1-0

[Event "31. Open de San Sebastian"]
[Site "San Sebastián ESP"]
[Date "2008.03.21"]
[Round "7.4"]
[White "San Segundo Carrillo, Pablo"]
[Black "Recuero Guerra, David"]
[Result "1-0"]
[WhiteElo "2542"]
[BlackElo "2424"]
[PlyCount "42"]
[EventDate "2008.03.16"]
[EventType "swiss"]
[EventRounds "9"]
[EventCountry "ESP"]
[Source "lmi"]
[SourceDate "2008.03.16"]

1. d4 Nf6 2. c4 Nc6 3. Nf3 e6 4. g3 Bb4+ 5. Bd2 Qe7 6. Nc3 Bxc3 7. Bxc3 Ne4 8.
Rc1 Nxc3 9. Rxc3 d6 10. d5 Nd8 11. Bg2 O-O 12. O-O e5 13. c5 dxc5 14. Qc2 b6
15. Re3 Qd6 16. Nxe5 b5 17. Qe4 c4 18. Qh4 Bb7 19. g4 f6 20. Be4 h6 21. Nf3 Nf7
1-0

[Event "31. Open de San Sebastian"]
[Site "San Sebastián ESP"]
[Date "2008.03.21"]
[Round "7.5"]
[White "Cifuentes Parada, Roberto"]
[Black "Gonzalez de la Torre, Santiago"]
[Result "1-0"]
[WhiteElo "2520"]
[BlackElo "2389"]
[PlyCount "104"]
[EventDate "2008.03.16"]
[EventType "swiss"]
[EventRounds "9"]
[EventCountry "ESP"]
[Source "lmi"]
[SourceDate "2008.03.16"]

1. Nf3 d5 2. d4 Nf6 3. c4 c6 4. e3 e6 5. Bd3 Nbd7 6. O-O Bd6 7. Nbd2 O-O 8. b3
Re8 9. Bb2 e5 10. dxe5 Nxe5 11. Nxe5 Bxe5 12. Bxe5 Rxe5 13. Qc2 Rh5 14. Be2 Bg4
15. Bxg4 Nxg4 16. h3 Qd6 17. Nf3 Ne5 18. Nxe5 Rxe5 19. Rfd1 Rd8 20. c5 Qf6 21.
Rd4 Re4 22. Rad1 Rde8 23. Qc3 Qd8 24. b4 a6 25. Rxe4 Rxe4 26. f3 Re7 27. Rd4
Qe8 28. Kf2 f6 29. Qd3 Qh5 30. h4 Qe5 31. Qd2 Qf5 32. Qd3 Qe5 33. a4 Re8 34.
Qb3 f5 35. Qd3 h5 36. Rf4 Qb2+ 37. Kg3 g6 38. Rd4 Qa1 39. Kf4 Qe1 40. g3 g5+
41. hxg5 h4 42. Kxf5 Qxg3 43. Rf4 Qh3+ 44. Kg6 Re7 45. Qd4 Qe6+ 46. Rf6 Rg7+
47. Kh5 Rh7+ 48. Rh6 h3 49. Rxh7 Kxh7 50. Qf4 Kg7 51. Kh4 Kg6 52. Kg3 Qf5 1-0

[Event "31. Open de San Sebastian"]
[Site "San Sebastián ESP"]
[Date "2008.03.21"]
[Round "7.6"]
[White "Lafuente, Pablo"]
[Black "Alonso Arburu, Juan Ignacio"]
[Result "1/2-1/2"]
[WhiteElo "2489"]
[BlackElo "2368"]
[PlyCount "145"]
[EventDate "2008.03.16"]
[EventType "swiss"]
[EventRounds "9"]
[EventCountry "ESP"]
[Source "lmi"]
[SourceDate "2008.03.16"]

1. d4 d5 2. c4 c6 3. Nf3 e6 4. g3 f5 5. Bg2 Nf6 6. O-O Bd6 7. b3 Qe7 8. Bb2 O-O
9. Nbd2 Bd7 10. Ne5 Be8 11. Ndf3 Bh5 12. Nd3 Nbd7 13. Nfe5 Rad8 14. Qc2 Kh8 15.
e3 Ne4 16. f3 Nef6 17. c5 Bc7 18. b4 Nxe5 19. dxe5 Ng8 20. Nf4 Be8 21. Ne2 Bd7
22. Nd4 Rb8 23. Nb3 g5 24. f4 Nh6 25. Qe2 Rg8 26. Bd4 Rg6 27. Nd2 Rbg8 28. Rab1
a6 29. Rb3 Bd8 30. a4 Ng4 31. Nf3 Qg7 32. Bh3 Nh6 33. Bg2 Ng4 34. Bb2 h5 35.
fxg5 Bxg5 36. Nd4 Be8 37. Bh3 Nh6 38. Kh1 h4 39. gxh4 Bxh4 40. Nf3 Be7 41. Bd4
Ng4 42. Rg1 Qh6 43. Rg3 Nf2+ 44. Qxf2 Rxg3 45. hxg3 Qxh3+ 46. Qh2 Rxg3 47.
Qxh3+ Rxh3+ 48. Kg2 Rh7 49. Kf2 Rg7 50. Rb1 Rg4 51. Rg1 Kg7 52. Rxg4+ fxg4 53.
Nd2 Bh4+ 54. Kf1 Bg6 55. Nb3 Bd3+ 56. Kg2 Be4+ 57. Kf1 Bg3 58. Kg1 Be1 59. Na5
Kg6 60. Nxb7 g3 61. Nd6 Bf2+ 62. Kf1 Bd3+ 63. Kg2 Be1 64. b5 axb5 65. axb5 Bxb5
66. Nxb5 cxb5 67. c6 Ba5 68. Bc3 Bc7 69. Kxg3 Kf5 70. Kf3 b4 71. Bxb4 Kxe5 72.
Bc3+ Kd6 73. e4 1/2-1/2

[Event "31. Open de San Sebastian"]
[Site "San Sebastián ESP"]
[Date "2008.03.21"]
[Round "7.9"]
[White "Garcia Blanco, Omar"]
[Black "Narciso Dublan, Marc"]
[Result "0-1"]
[WhiteElo "2139"]
[BlackElo "2513"]
[PlyCount "108"]
[EventDate "2008.03.16"]
[EventType "swiss"]
[EventRounds "9"]
[EventCountry "ESP"]
[Source "lmi"]
[SourceDate "2008.03.16"]

1. e4 c6 2. d4 d5 3. exd5 cxd5 4. c4 Nf6 5. Nc3 e6 6. Nf3 Be7 7. Bd3 dxc4 8.
Bxc4 O-O 9. O-O a6 10. Qe2 b5 11. Bd3 Nc6 12. Rd1 Nb4 13. Ne5 Bb7 14. Bb1 Rc8
15. a3 Nbd5 16. Ne4 Rc7 17. Ng5 b4 18. Qd3 bxa3 19. Bd2 axb2 20. Ra2 Bb4 21.
Qh3 g6 22. Rxb2 Bxd2 23. Rbxd2 Nh5 24. Ne4 Ndf4 25. Qe3 Bxe4 26. Bxe4 Nd5 27.
Qf3 Nhf6 28. Bd3 Rc3 29. Rc2 Rxc2 30. Bxc2 Kg7 31. h4 Qc7 32. Bd3 a5 33. g4 Nd7
34. Nc4 a4 35. Ra1 Qf4 36. Qe4 Rc8 37. Qxf4 Nxf4 38. Bf1 Ra8 39. Ra3 Ra7 40.
Nd6 Nb6 41. Bb5 Kf8 42. g5 Ra5 43. Bc6 Ne2+ 44. Kf1 Nxd4 45. Be4 Nb5 46. Nb7
Nxa3 47. Nxa5 Nb5 48. Bc6 Nd4 49. Be4 a3 50. Bb1 Nd5 51. Nc4 a2 52. Bxa2 Nc3
53. Ne5 Nxa2 54. Nd7+ Kg7 0-1

[Event "31. Open de San Sebastian"]
[Site "San Sebastián ESP"]
[Date "2008.03.21"]
[Round "7.10"]
[White "Huerga Leache, Mikel"]
[Black "Ladron De Guevara Galar, Fco J"]
[Result "1-0"]
[WhiteElo "2440"]
[BlackElo "2084"]
[PlyCount "37"]
[EventDate "2008.03.16"]
[EventType "swiss"]
[EventRounds "9"]
[EventCountry "ESP"]
[Source "lmi"]
[SourceDate "2008.03.16"]

1. e4 e5 2. Nf3 Nc6 3. Bb5 a6 4. Ba4 Nf6 5. O-O Be7 6. Re1 b5 7. Bb3 d6 8. c3
O-O 9. h3 Na5 10. Bc2 c5 11. d4 Qc7 12. b4 cxb4 13. cxb4 Nc6 14. Bb2 Nd7 15.
Nc3 Nb6 16. Rc1 Nxd4 17. Nxd4 exd4 18. Nd5 Qd8 19. Qxd4 1-0

[Event "31. Open de San Sebastian"]
[Site "San Sebastián ESP"]
[Date "2008.03.21"]
[Round "7.11"]
[White "Arranz Martin, Pablo"]
[Black "Bellia, Fabrizio"]
[Result "0-1"]
[WhiteElo "2047"]
[BlackElo "2405"]
[PlyCount "80"]
[EventDate "2008.03.16"]
[EventType "swiss"]
[EventRounds "9"]
[EventCountry "ESP"]
[Source "lmi"]
[SourceDate "2008.03.16"]

1. d4 d5 2. e3 Nf6 3. Bd3 g6 4. Nd2 Bg7 5. f4 c5 6. c3 Qc7 7. Ne2 Bf5 8. Qc2
Bxd3 9. Qxd3 e6 10. O-O Nbd7 11. Kh1 Rc8 12. e4 dxe4 13. Nxe4 Nxe4 14. Qxe4 O-O
15. Be3 Rfe8 16. dxc5 Nxc5 17. Bxc5 Qxc5 18. Rad1 Qb5 19. Rd2 Red8 20. Rfd1 Bf6
21. g3 a5 22. Rxd8+ Bxd8 23. b3 Bf6 24. Kg2 Rc7 25. c4 Qb4 26. Kf3 Qa3 27. Rd2
a4 28. Qb1 Rxc4 29. Rd3 axb3 30. Qxb3 Qc5 31. Qxb7 Qh5+ 32. Ke3 Rc2 33. g4 Qxg4
34. Qf3 Qf5 35. Qa8+ Kg7 36. a4 Be7 37. Qf3 Bc5+ 38. Nd4 Bxd4+ 39. Kxd4 Qc5+
40. Ke4 f5# 0-1

[Event "31. Open de San Sebastian"]
[Site "San Sebastián ESP"]
[Date "2008.03.21"]
[Round "7.12"]
[White "Argandona Riveiro, Inigo"]
[Black "Lakunza Plazaola, Asier"]
[Result "0-1"]
[WhiteElo "2404"]
[BlackElo "2018"]
[PlyCount "78"]
[EventDate "2008.03.16"]
[EventType "swiss"]
[EventRounds "9"]
[EventCountry "ESP"]
[Source "lmi"]
[SourceDate "2008.03.16"]

1. e4 c5 2. Nc3 e6 3. Nf3 a6 4. g3 b5 5. Qe2 Bb7 6. Bg2 Nf6 7. e5 Nd5 8. Ne4
Nc6 9. b3 f5 10. exf6 Nxf6 11. Bb2 Be7 12. Neg5 O-O 13. h4 Nb4 14. d3 Qa5 15.
Kf1 Rae8 16. a3 Nc6 17. c4 Qc7 18. Re1 Bd6 19. Bxf6 Rxf6 20. Nxh7 Kxh7 21. Ng5+
Kh6 22. Qe4 Rf5 23. Bh3 Nd4 24. Bxf5 Nxf5 25. Qg4 Rf8 26. Kg1 Bxh1 27. Kxh1 Be7
28. Nh3 Kh7 29. Nf4 Nxh4 30. Re4 Nf5 31. Qh5+ Nh6 32. Qg6+ Kg8 33. Nh5 Rf7 34.
Rf4 Qc6+ 35. f3 e5 36. Qxc6 dxc6 37. Rxf7 Kxf7 38. g4 Bh4 39. Kg2 g6 0-1

[Event "31. Open de San Sebastian"]
[Site "San Sebastián ESP"]
[Date "2008.03.21"]
[Round "7.13"]
[White "Rubio Mejia, Luis Ignacio"]
[Black "Galarza Cenzano, Inigo"]
[Result "1-0"]
[WhiteElo "2373"]
[BlackElo "1986"]
[PlyCount "35"]
[EventDate "2008.03.16"]
[EventType "swiss"]
[EventRounds "9"]
[EventCountry "ESP"]
[Source "lmi"]
[SourceDate "2008.03.16"]

1. d4 Nf6 2. c4 e6 3. Nc3 Bb4 4. e3 c5 5. Nge2 d5 6. a3 Bxc3+ 7. Nxc3 cxd4 8.
exd4 Nc6 9. c5 e5 10. dxe5 Nxe5 11. Bb5+ Bd7 12. Bxd7+ Qxd7 13. O-O O-O 14. Be3
Nc4 15. Bd4 Nxb2 16. Qc2 Nc4 17. Bxf6 gxf6 18. Rfd1 1-0

[Event "31. Open de San Sebastian"]
[Site "San Sebastián ESP"]
[Date "2008.03.21"]
[Round "7.14"]
[White "Hallerod, Ralph"]
[Black "Hernandez, Elvis"]
[Result "1-0"]
[WhiteElo "2131"]
[BlackElo "2322"]
[PlyCount "159"]
[EventDate "2008.03.16"]
[EventType "swiss"]
[EventRounds "9"]
[EventCountry "ESP"]
[Source "lmi"]
[SourceDate "2008.03.16"]

1. d4 d5 2. c4 dxc4 3. Nf3 c6 4. e3 Nf6 5. Bxc4 b5 6. Bb3 e6 7. O-O Be7 8. Bc2
Nbd7 9. a4 Bb7 10. b3 a6 11. Bb2 Qc7 12. Nc3 b4 13. Ne2 c5 14. Rc1 O-O 15. Ng3
Rfd8 16. e4 Qf4 17. Qe2 cxd4 18. Bxd4 Rac8 19. Be3 Qb8 20. Nd2 Bc5 21. Nc4 Bxe3
22. Qxe3 Ne5 23. Nxe5 Qxe5 24. Qb6 Rb8 25. Rfd1 Rdc8 26. Qxb4 Qb2 27. Qd4 Qxd4
28. Rxd4 a5 29. Rcd1 Kf8 30. R4d2 Ke7 31. f3 Rc7 32. Bd3 Bc8 33. Bc4 Bd7 34. e5
Ne8 35. Rd4 Rb4 36. Ra1 Rc5 37. f4 f5 38. Ne2 g5 39. Nc1 Rd5 40. Ne2 Rxd4 41.
Nxd4 gxf4 42. Ne2 Nc7 43. Nxf4 Bc6 44. Rc1 Be4 45. g3 Nd5 46. Bxd5 exd5 47.
Rc7+ Ke8 48. Nh5 d4 49. Nf6+ Kd8 50. Rd7+ Kc8 51. e6 Bc6 52. Rd6 Kc7 53. Rxc6+
Kxc6 54. e7 Rb8 55. e8=Q+ Rxe8 56. Nxe8 Kc5 57. Ng7 Kb4 58. Nxf5 d3 59. Kf2
Kxb3 60. Ke1 Kxa4 61. Kd2 Kb4 62. Kxd3 a4 63. Nd4 Kc5 64. Nc2 Kd5 65. h3 Ke5
66. Na3 Kd5 67. Nc4 Ke6 68. Ke4 Kf6 69. Na3 Ke6 70. g4 Kf6 71. h4 h6 72. Kd5
Ke7 73. Ke5 Kf7 74. Kf5 Kg7 75. Ke6 Kg6 76. Nb5 Kg7 77. h5 Kg8 78. Kf6 Kf8 79.
Kg6 Ke7 80. Kxh6 1-0

[Event "31. Open de San Sebastian"]
[Site "San Sebastián ESP"]
[Date "2008.03.21"]
[Round "7.15"]
[White "Perez Cameselle, Francisco"]
[Black "Huesmann, Thomas"]
[Result "0-1"]
[WhiteElo "1993"]
[BlackElo "2247"]
[PlyCount "64"]
[EventDate "2008.03.16"]
[EventType "swiss"]
[EventRounds "9"]
[EventCountry "ESP"]
[Source "lmi"]
[SourceDate "2008.03.16"]

1. e4 e5 2. Nf3 Nc6 3. Bb5 a6 4. Ba4 Nf6 5. O-O Nxe4 6. d4 b5 7. Bb3 d5 8. dxe5
Be6 9. c3 Nc5 10. Bc2 Be7 11. Re1 Bg4 12. h3 Bh5 13. Nbd2 Qd7 14. Nf1 Rd8 15.
Ng3 Bg6 16. Bxg6 hxg6 17. Nd4 Nxd4 18. cxd4 Ne6 19. Be3 c5 20. Ne2 c4 21. b3
Rc8 22. bxc4 Rxc4 23. Rc1 Rxc1 24. Nxc1 O-O 25. Nd3 Rc8 26. Re2 Qc7 27. Re1 Qc4
28. Qd2 Qa4 29. Rc1 Rxc1+ 30. Nxc1 Qc4 31. Qa5 Nxd4 32. Bxd4 Qxc1+ 0-1

[Event "31. Open de San Sebastian"]
[Site "San Sebastián ESP"]
[Date "2008.03.21"]
[Round "7.16"]
[White "Segovia Sanchez, Antonio"]
[Black "Krulich, Roman"]
[Result "0-1"]
[WhiteElo "1986"]
[BlackElo "2240"]
[PlyCount "66"]
[EventDate "2008.03.16"]
[EventType "swiss"]
[EventRounds "9"]
[EventCountry "ESP"]
[Source "lmi"]
[SourceDate "2008.03.16"]

1. d4 Nf6 2. Nf3 g6 3. Bg5 Bg7 4. Nbd2 d5 5. e3 O-O 6. Bd3 c5 7. c3 Nc6 8. O-O
Nd7 9. Rc1 h6 10. Bh4 Qa5 11. Bb1 Re8 12. Nb3 Qa4 13. dxc5 Qc4 14. Bd3 Qg4 15.
h3 Qa4 16. Bb1 Nce5 17. Bg3 Nc4 18. Qe2 Qb5 19. Nfd4 Qa6 20. Rfd1 Bf8 21. Nf3
Nf6 22. Nfd2 Nxb2 23. Qxa6 bxa6 24. Re1 Bb7 25. Na5 Bc8 26. Bc2 Be6 27. Rb1 Nc4
28. Ndxc4 dxc4 29. Rb4 Rac8 30. c6 Nd5 31. Rxc4 Bg7 32. Rc5 Bxc3 33. Nb3 Bxe1
0-1